Monetizácia podnikateľského nápadu startupu diplomová práca

Guardado en:
Detalles Bibliográficos
Autor principal: Majtán, Peter
Autor Corporativo: Fakulta podnikového manažmentu EU. Katedra manažmentu
Otros Autores: Bednár, Richard, 1985-
Formato: Libro
Lenguaje:eslovaco
Publicado: Bratislava 2023
Etiquetas: Agregar Etiqueta
Sin Etiquetas, Sea el primero en etiquetar este registro!

MARC

LEADER 00000nbm a2200000 4500
001 0293629
005 20240515085447.6
041 0 |a slo 
044 |a SK 
245 1 0 |a Monetizácia podnikateľského nápadu startupu  |b diplomová práca  |c Peter Majtán ; školiteľ: Richard Bednár 
264 1 |a Bratislava  |c 2023 
300 |a 67 s. 
100 1 |a Majtán, Peter 
700 1 |a Bednár, Richard, 1985- 
710 2 |a Fakulta podnikového manažmentu EU. Katedra manažmentu